| 000 | 00704nam a2200205 i 4500 | ||
|---|---|---|---|
| 001 | 55389 | ||
| 003 | ES-MaACL | ||
| 005 | 20250902030018.0 | ||
| 007 | t| | ||
| 008 | 030918s1967 sp ||||1| spa d | ||
| 100 | 1 |
_aDepallens, Georges. _943750 |
|
| 245 | 1 | 0 |
_aFinanciación de empresas _b: principios / _cM. Georges Depallens ; traducido por A. Ibáñez. |
| 260 |
_aBilbao : _bDeusto, _c[1967] |
||
| 300 |
_a120 p. ; _c22 cm. |
||
| 490 | 1 |
_aManuales prácticos de gestión de empresas. Serie E ; _v3 |
|
| 700 | 0 |
_aIbáñez, Ana. _964902 |
|
| 830 | 0 | 0 |
_aManuales prácticos de gestión de empresas (Deusto) _v3 _9220714 |
| 852 |
_aES-MaACL _jC-32419 _bR.63055 |
||
| 999 |
_c55389 _d55389 |
||